Little worlds / (Record no. 354130)
[ view plain ]
| 000 -LEADER | |
|---|---|
| fixed length control field | 00964cam a2200301 i 4500 |
| 001 - CONTROL NUMBER | |
| control field | 18300606 |
| 003 - CONTROL NUMBER IDENTIFIER | |
| control field | OSt |
| 005 - DATE AND TIME OF LATEST TRANSACTION | |
| control field | 20180116192431.0 |
| 008 - FIXED-LENGTH DATA ELEMENTS--GENERAL INFORMATION | |
| fixed length control field | 140827s2014 enka 000 0 eng |
| 010 ## - LIBRARY OF CONGRESS CONTROL NUMBER | |
| LC control number | 2014455067 |
| 020 ## - INTERNATIONAL STANDARD BOOK NUMBER | |
| International Standard Book Number | 9781907896538 |
| 020 ## - INTERNATIONAL STANDARD BOOK NUMBER | |
| International Standard Book Number | 1907896538 |
| 035 ## - SYSTEM CONTROL NUMBER | |
| System control number | (Uk-RwCLS)uk26812361 |
| 040 ## - CATALOGING SOURCE | |
| Original cataloging agency | DLC |
| Language of cataloging | eng |
| Transcribing agency | DLC |
| Description conventions | rda |
| 042 ## - AUTHENTICATION CODE | |
| Authentication code | pcc |
| 050 00 - LIBRARY OF CONGRESS CALL NUMBER | |
| Classification number | NA687 |
| Item number | .L58 2014 |
| 082 ## - DEWEY DECIMAL CLASSIFICATION NUMBER | |
| Classification number | 724.7 |
| 245 00 - TITLE STATEMENT | |
| Title | Little worlds / |
| Statement of responsibility, etc. | Diploma 9 ; edited by Natasha Sandmeier. |
| 260 ## - PUBLICATION, DISTRIBUTION, ETC. | |
| Place of publication, distribution, etc. | london: |
| Name of publisher, distributor, etc. | AA publication; |
| Date of publication, distribution, etc. | 2014. |
| 300 ## - PHYSICAL DESCRIPTION | |
| Extent | 271 pages : |
| Other physical details | chiefly color illustrations ; |
| Dimensions | 31 cm. |
| 490 0# - SERIES STATEMENT | |
| Series statement | AA agendas |
| 650 #0 - SUBJECT ADDED ENTRY--TOPICAL TERM | |
| Topical term or geographic name entry element | Architecture, Modern |
| Chronological subdivision | 20th century. |
| 9 (RLIN) | 8313 |
| 700 1# - ADDED ENTRY--PERSONAL NAME | |
| Personal name | Sandmeier, Natasha, |
| Relator term | editor. |
| 9 (RLIN) | 8312 |
| 710 2# - ADDED ENTRY--CORPORATE NAME | |
| Corporate name or jurisdiction name as entry element | Architectural Association (Great Britain) |
| Subordinate unit | Diploma 9. |
| 9 (RLIN) | 8311 |
| 906 ## - LOCAL DATA ELEMENT F, LDF (RLIN) | |
| a | 7 |
| b | cbc |
| c | origres |
| d | 3 |
| e | ncip |
| f | 20 |
| g | y-gencatlg |
| 942 ## - ADDED ENTRY ELEMENTS (KOHA) | |
| Source of classification or shelving scheme | |
| Koha item type | Book |
| Withdrawn status | Lost status | Source of classification or shelving scheme | Damaged status | Not for loan | Permanent Location | Current Location | Date acquired | Total Checkouts | Full call number | Barcode | Date last seen | Cost, replacement price | Price effective from | Koha item type |
|---|---|---|---|---|---|---|---|---|---|---|---|---|---|---|
| School of Art Design and Architecture (SADA) | School of Art Design and Architecture (SADA) | 04/04/2016 | 724.7 LIT 2014 | SADA0002532 | 01/05/2017 | 4499.28 | 01/05/2017 | Book |
